Chaînes les plus regardées en France - Statistiques

Statistiques générales
  • Ce quiz a été pris 288 fois
  • Le résultat moyen est 11 sur 15
Statistiques - réponses
Hint Réponse % Correct
20,4 % TF1
100%
13,4 % France 2
99%
9,1 % France 3
98%
10,2 % M6
95%
3,4 % France 5
90%
3,4 % C8
87%
2,5 % W9
83%
2,3 % ARTE
81%
1,9 % France 4
79%
3,0 % TMC
74%
2,3 % BFM TV
72%
1,7 % NRJ12
64%
1,9 % NT1
53%
1,8 % RMC Découverte
16%
1,8 % HD1
12%
Aucun quiz correspondant
Distribution des résultats
% des personnes avec chaque résultat
Percentile par nombre de réponses
Votre historique - résultats
Vous n’avez pas pris ce quiz